[Event "Hoogeveen op 25th"]
[Site "Hoogeveen"]
[Date "2022.10.19"]
[Round "6"]
[White "Selten, Ton"]
[Black "Winkel, Ruud"]
[Result "1/2-1/2"]
[WhiteElo "1809"]
[BlackElo "1663"]
[PlyCount "55"]
[EventDate "2022.10.15"]
[EventType "swiss"]
[EventRounds "9"]
[EventCountry "NED"]
[SourceTitle "CBM 210 Extra"]
[Source "ChessBase"]
[SourceDate "2022.11.30"]
[SourceVersion "1"]
[SourceVersionDate "2022.11.30"]
[SourceQuality "1"]

1. c4 f5 2. g3 Nf6 3. Bg2 e6 4. Nc3 c6 5. d4 d5 6. Nf3 Bd6 7. 0-0 Nbd7 8. Qc2 Ne4 9. Nxe4 fxe4 10. Bg5 Be7 11. Bxe7 Qxe7 12. Ne5 0-0 13. f4 Nxe5 14. fxe5 Bd7 15. e3 Rxf1+ 16. Rxf1 Rf8 17. c5 Rxf1+ 18. Bxf1 Be8 19. Qe2 Bg6 20. b4 Qf7 21. Bh3 Bf5 22. g4 Bg6 23. Bg2 Qe7 24. Qf2 Qg5 25. h3 h5 26. Qe2 hxg4 27. hxg4 Qh4 28. Bf1 1/2-1/2